Comuni della Provincia di Torino - Statistics

Statistiche generali
  • Questo quiz è stato fatto 165 volte
    70 dall'ultimo reset
  • Il punteggio medio è 86 su 312
Statistiche sulle risposte
Comune % Corretto
Moncalieri
80%
Avigliana
76%
Rivoli
73%
Collegno
71%
Grugliasco
71%
Nichelino
71%
Torino
71%
Ivrea
69%
Pinerolo
69%
Settimo Torinese
69%
Bardonecchia
67%
Chieri
67%
Chivasso
67%
Venaria Reale
65%
Carmagnola
63%
Susa
61%
Cirié
59%
Oulx
59%
San Mauro Torinese
59%
Caselle Torinese
57%
Alpignano
53%
Orbassano
53%
Agliè
51%
Airasca
51%
Borgaro Torinese
51%
Leini
51%
Pino Torinese
51%
Brandizzo
49%
Caluso
49%
Sestriere
49%
Trofarello
49%
Volpiano
49%
Beinasco
47%
Cuorgnè
47%
Santena
47%
Almese
45%
Ceres
45%
Rivarolo Canavese
45%
Balangero
43%
Giaveno
43%
San Maurizio Canavese
43%
Sauze d'Oulx
43%
La Loggia
41%
Piossasco
41%
Bussoleno
39%
Cavour
39%
Lanzo Torinese
39%
Mathi
39%
None
39%
Pianezza
39%
Poirino
39%
Rosta
39%
Vinovo
39%
Bosconero
37%
Cambiano
37%
San Benigno Canavese
37%
Sant'Antonino di Susa
37%
Villar Perosa
37%
Viù
37%
Azeglio
35%
Bruino
35%
Carignano
35%
Montanaro
35%
Piscina
35%
Pont Canavese
35%
Rivalta di Torino
35%
Riva presso Chieri
35%
Rondissone
35%
Villastellone
35%
Baldissero Torinese
33%
Condove
33%
Druento
33%
Foglizzo
33%
Mappano
33%
Mazzè
33%
Nole
33%
Pecetto Torinese
33%
Perosa Argentina
33%
Quincinetto
33%
Verolengo
33%
Albiano d'Ivrea
31%
Borgofranco d'Ivrea
31%
Bruzolo
31%
Candiolo
31%
Castellamonte
31%
Castiglione Torinese
31%
Ceresole Reale
31%
Cesana Torinese
31%
Coazze
31%
Cumiana
31%
Fenestrelle
31%
Gassino Torinese
31%
Montalto Dora
31%
Pavone Canavese
31%
San Giusto Canavese
31%
Strambino
31%
Ala di Stura
29%
Andezeno
29%
Caselette
29%
Feletto
29%
San Carlo Canavese
29%
San Giorgio Canavese
29%
Sant'Ambrogio di Torino
29%
Settimo Vittone
29%
Trana
29%
Usseaux
29%
Valperga
29%
Banchette
27%
Busano
27%
Candia Canavese
27%
Cercenasco
27%
Chiomonte
27%
Favria
27%
Fiano
27%
Front
27%
Frossasco
27%
Lauriano
27%
Monteu da Po
27%
Pinasca
27%
San Sebastiano da Po
27%
Torrazza Piemonte
27%
Vigone
27%
Volvera
27%
Arignano
25%
Bairo
25%
Balme
25%
Bricherasio
25%
Burolo
25%
Buttigliera Alta
25%
Cantalupa
25%
Caprie
25%
Carema
25%
Castagneto Po
25%
Exilles
25%
Germagnano
25%
Givoletto
25%
Locana
25%
Lombardore
25%
Luserna San Giovanni
25%
Pancalieri
25%
Piobesi Torinese
25%
Rivarossa
25%
Robassomero
25%
San Francesco al Campo
25%
Torre Pellice
25%
Verrua Savoia
25%
Vische
25%
Baldissero Canavese
24%
Bobbio Pellice
24%
Claviere
24%
Colleretto Giacosa
24%
Corio
24%
Lombriasco
24%
Oglianico
24%
Ozegna
24%
Piverone
24%
Pragelato
24%
Romano Canavese
24%
Salbertrand
24%
Sangano
24%
San Martino Canavese
24%
San Raffaele Cimena
24%
Scarmagno
24%
Torre Canavese
24%
Usseglio
24%
Villafranca Piemonte
24%
Villar Pellice
24%
Alpette
22%
Barbania
22%
Bibiana
22%
Borgomasino
22%
Borgone Susa
22%
Cantoira
22%
Caravino
22%
Cascinette d'Ivrea
22%
Chiusa di San Michele
22%
Coassolo Torinese
22%
Forno Canavese
22%
Marentino
22%
Mattie
22%
Mezzenile
22%
Moncenisio
22%
Montalenghe
22%
Pralormo
22%
Reano
22%
Rivalba
22%
Rivara
22%
Rueglio
22%
Scalenghe
22%
Sciolze
22%
Traversella
22%
Val della Torre
22%
Venaus
22%
Villarbasse
22%
Andrate
20%
Bollengo
20%
Brosso
20%
Brozolo
20%
Brusasco
20%
Casalborgone
20%
Castagnole Piemonte
20%
Castelnuovo Nigra
20%
Chiaverano
20%
Cinzano
20%
Fiorano Canavese
20%
Groscavallo
20%
Isolabella
20%
Issiglio
20%
La Cassa
20%
Lessolo
20%
Lusernetta
20%
Lusigliè
20%
Noasca
20%
Novalesa
20%
Orio Canavese
20%
Osasco
20%
Ronco Canavese
20%
Rubiana
20%
Salassa
20%
San Didero
20%
San Giorio di Susa
20%
Sauze di Cesana
20%
Settimo Rottaro
20%
Vallo Torinese
20%
Vauda Canavese
20%
Villanova Canavese
20%
Villareggia
20%
Villar Focchiardo
20%
Vistrorio
20%
Cafasse
18%
Colleretto Castelnuovo
18%
Cuceglio
18%
Giaglione
18%
Mercenasco
18%
Montaldo Torinese
18%
Palazzo Canavese
18%
Pavarolo
18%
Pertusio
18%
Quassolo
18%
Samone
18%
San Germano Chisone
18%
San Ponso
18%
Sparone
18%
Strambinello
18%
Val di Chy
18%
Valprato Soana
18%
Barone Canavese
16%
Chialamberto
16%
Chiesanuova
16%
Ciconio
16%
Cintano
16%
Inverso Pinasca
16%
Lemie
16%
Levone
16%
Loranzè
16%
Macello
16%
Mombello di Torino
16%
Moriondo Torinese
16%
Osasio
16%
Parella
16%
Perosa Canavese
16%
Pratiglione
16%
Ribordone
16%
Rocca Canavese
16%
Rorà
16%
San Gillio
16%
San Secondo di Pinerolo
16%
Vaie
16%
Valchiusa
16%
Valgioie
16%
Varisella
16%
Vestignè
16%
Villar Dora
16%
Angrogna
14%
Borgiallo
14%
Canischio
14%
Chianocco
14%
Cossano Canavese
14%
Frassinetto
14%
Grosso
14%
Ingria
14%
Meana di Susa
14%
Mompantero
14%
Nomaglio
14%
Prali
14%
Prascorsano
14%
Quagliuzzo
14%
Roletto
14%
Roure
14%
San Colombano Belmonte
14%
Tavagnasco
14%
Traves
14%
Vialfrè
14%
Buriasco
12%
Campiglione-Fenile
12%
Cavagnolo
12%
Maglione
12%
Massello
12%
Pessinetto
12%
Salerano Canavese
12%
Salza di Pinerolo
12%
San Pietro Val Lemina
12%
Vidracco
12%
Virle Piemonte
12%
Garzigliana
10%
Gravere
10%
Monastero di Lanzo
10%
Perrero
10%
Porte
10%
Pramollo
10%
Pomaretto
8%
Prarostino
8%
Nessun quiz corrispondente trovato
Distribuzione punteggi
Percentuale di utenti per punteggio
Percentile per numero di risposta
I tuoi punteggi nel tempo
Non hai fatto questo quiz dall'ultimo reset